000 00696cam a22002531 4500
999 _c20087
_d20087
001 9382816
003 BDDh-ASL
005 20231015025837.0
008 751209s1963 nyu 000 0 eng
010 _a 63021610
035 _a(OCoLC)1885155
040 _aDLC
_cTxDaU
_dDLC
_dBDDh-ASL
042 _apremarc
050 0 0 _aBL85
_b.S5 1963
082 _a290
_bSMF
100 1 _aSmith, Wilfred Cantwell,
_d1916-2000.
245 1 4 _aThe faith of other men/
260 _a[New York]
_bNew American Library
_c[1965]
300 _a128 p.
_c18cm.
650 0 _aReligions
650 0 _aChristianity and other religions
906 _a7
_bcbc
_coclcrpl
_du
_encip
_f19
_gy-gencatlg
942 _2ddc
_cBK